| 000 | 00714nam a2200217Ia 4500 | ||
|---|---|---|---|
| 008 | 191130s2004##################000#0#eng## | ||
| 020 | _a9780521545204 | ||
| 022 | _a2003063904 | ||
| 040 |
_aACL _cACL |
||
| 082 | _a336.200973 BRO | ||
| 100 | _aBrownlee, W. Elliot | ||
| 245 |
_aFederal taxation in America : a short history _cW. Elliot Brownlee |
||
| 250 | _a2nd ed | ||
| 260 |
_aWashington, DC ; Cambridge _bCambridge University Press, Woodrow Wilson Center Press _c2004 |
||
| 300 | _axiii, 288 p. ; 24 cm | ||
| 500 | _aIncludes bibliographical references and index | ||
| 650 | _aTaxation - United States - History | ||
| 990 | _a905eeb11ac10000c4aac7e21dcc09645 | ||
| 991 | _a203467 | ||
| 999 |
_c262513 _d262513 |
||